| 000 | 00471nam a2200169Ia 4500 | ||
|---|---|---|---|
| 003 | OSt | ||
| 005 | 20260323110654.0 | ||
| 008 | 211028s2019 xx 000 0 und d | ||
| 040 | _cAIMIT LIBRARY | ||
| 041 | _aeng | ||
| 100 |
_aChaithranjali; Srinivas, B L. _g161722 _95277 |
||
| 110 |
_aRuban S _95278 |
||
| 245 | _aManagement information system of MESCOM / | ||
| 260 |
_aMangaluru _c2019 |
||
| 710 |
_aMangalore Infotech Solutions Pvt. Ltd. _95279 |
||
| 942 |
_2ddc _cPRO |
||
| 999 |
_c217852 _d217852 |
||